000 00811nam a2200241Ia 4500
001 9416
003 GE_BSU
008 181216s||||||||xx |||||||||||||| ||und||
040 _cGE_BSU
080 _a821.353.1–1
100 _aმიქაძე–კვერნაძე,ცისანა
245 _aუწყვეტი სული
245 _bლექსები
245 _cრედ.ნატო სკამკოჩაიშვილი
260 _aთბილისი
260 _bინტექსი
260 _c1991
300 _a32გვ.20სმ.
520 _aგარეკანზე რუსუდან ფეტვიაშვილის ნახატი
653 _aლექსები
653 _aუწყვეტი სული
942 _cBK
999 _c42710
_d42710